Wikipedia People Popularity Quiz Stats

 Plays Quiz not verified by Sporcle

Score 0/34 Timer 07:00
0 Plays Today
Overall Ranking and What Does He/She Do? Person % Correct
16. PoliticianBarack Obama
92.7%
22. RapperEminem
74.5%
11. SingerMichael Jackson
67.3%
77. PoliticianGeorge W. Bush.
60%
43. SingerLady GaGa
56.4%
84. King of EnglandHenry VIII
43.6%
144. ActressAngelina Jolie
41.8%
40. PoliticianAbraham Lincoln
34.5%
126. MathematicianAlbert Einstein
34.5%
134. SingerBritney Spears
32.7%
31. RapperLil Wayne
30.9%
47. ActressMegan Fox
27.3%
56. Singer and ActressMiley Cyrus
25.5%
38. SingerRihanna
23.6%
107. ActressKim Kardashian
21.8%
32. PoliticianAdolf Hitler
20%
83. SingerTaylor Swift
20%
Overall Ranking and What Does He/She Do? Person % Correct
81. RapperTupac Shakur/2Pac
16.4%
63. ActressKristen Stewart
14.5%
109. ActressSelena Gomez
14.5%
123. ArtistLeonardo da Vinci
14.5%
125. SalespersonBilly Mays
14.5%
87. RapperThe Notorious B.I.G
12.7%
55. PoliticianMartin Luther King, Jr.
10.9%
122. PoliticianJohn F. Kennedy
9.1%
85. In Celebrity Big Brother Jade Goody
7.3%
127. Singer/RapperT.I.
7.3%
57. ActorRobert Patterson
5.5%
72. ActressFarrah Fawcett
5.5%
124. Basketball PlayerMichael Jordon
5.5%
136. ScientistCharles Darwin
5.5%
92. ActressNatasha Richardson
3.6%
103. Actor and BoxerMickey Rourke
3.6%
133. ActorDavid Carradine
3.6%

You're not logged in!

Compare scores with friends on all Sporcle quizzes.
OR
Log In

Show Comments

Extras

Top Quizzes Today


Score Distribution

Your Account Isn't Verified!

In order to create a playlist on Sporcle, you need to verify the email address you used during registration. Go to your Sporcle Settings to finish the process.

Report this User

Report this user for behavior that violates our Community Guidelines.

Details: